Walking down the lane....: (Record no. 154769)
[ view plain ]
| 000 -LEADER | |
|---|---|
| fixed length control field | 00785nam a22002177a 4500 |
| 005 - DATE AND TIME OF LATEST TRANSACTION | |
| control field | 20180725102846.0 |
| 010 ## - LCCN (DPL NO) | |
| LC control number | ENG-123590 |
| 020 ## - INTERNATIONAL STANDARD BOOK NUMBER | |
| Terms of availability | 1000.00 |
| International Standard Book Number | 9788190892667 |
| 035 ## - SYSTEM CONTROL NUMBER | |
| System control number | EN-107122 |
| 037 ## - SOURCE OF ACQUISITION | |
| Source of stock number/acquisition | DBAD/PUB |
| 082 ## - DEWEY DECIMAL CLASSIFICATION NUMBER | |
| Classification number | 921 |
| 100 ## - MAIN ENTRY--PERSONAL NAME | |
| Personal name | Rajendra Prasad |
| 245 ## - TITLE STATEMENT | |
| Title | Walking down the lane....: |
| Statement of responsibility, etc | by Rajendra Prasad; ed. by Vijay Kumar [and] Tejakar Jha |
| Remainder of title | a pictorial tribute to Dr. Rajendra Prasad / |
| 260 ## - PUBLICATION, DISTRIBUTION, ETC. (IMPRINT) | |
| Place of publication, distribution, etc | Patna |
| Date of publication, distribution, etc | 2010 |
| Name of publisher, distributor, etc | Bihar State Archives |
| 270 ## - ADDRESS | |
| Address | Abhilekhagar Bhawan, Bailey Road, |
| Postal code | 800001 |
| City | Patna |
| 300 ## - PHYSICAL DESCRIPTION | |
| Extent | 320p. |
| Dimensions | 27cm.(Hb) |
| Other physical details | ill.(pictures) |
| 500 ## - GENERAL NOTE | |
| General note | A pictorial tribute to Dr. Rajendra Prasad, The First President of the Republic of India. |
| 700 ## - ADDED ENTRY--PERSONAL NAME | |
| Personal name | Vijay Kumar |
| 700 ## - ADDED ENTRY--PERSONAL NAME | |
| Personal name | Jha, Tejakar |
| 942 ## - ADDED ENTRY ELEMENTS (KOHA) | |
| Source of classification or shelving scheme | Dewey Decimal Classification |
| Item type | English Books |
| Classification part | 921 |
| Call number suffix | RAJ |
| Withdrawn status | Lost status | Not for loan | Collection code | Home library | Current library | Date acquired | Source of acquisition | Cost, normal purchase price | Full call number | Barcode | Copy number | Cost, replacement price | Koha item type |
|---|---|---|---|---|---|---|---|---|---|---|---|---|---|
| Not For Loan | Non-fiction | D.B.Act.Division | Bawana | 25/07/2018 | DBAD/PUB | 1000.00 | 921 RAJ | EN-107122 | 1 | 1000.00 | English Books |
